High Crime (Record n. 100165)

Dettagli MARC
000 -LEADER
fixed length control field 00900njm a2200289Ia 4500
001 - CONTROL NUMBER
control field 26109
003 - CONTROL NUMBER IDENTIFIER
control field IT-RoPAU
005 - DATE AND TIME OF LATEST TRANSACTION
control field 20220918181126.0
008 - FIXED-LENGTH DATA ELEMENTS--GENERAL INFORMATION
fixed length control field 131025s9999 xx 000 0 und d
040 ## - CATALOGING SOURCE
Original cataloging agency IT-RoPAU
040 ## - CATALOGING SOURCE
Transcribing agency IT-RoPAU
041 ## - LANGUAGE CODE
Language code of text/sound track or separate title INGLESE
999 ## - SYSTEM CONTROL NUMBERS (KOHA)
Koha Dewey Subclass [OBSOLETE] NO
100 ## - MAIN ENTRY--PERSONAL NAME
Personal name Al Jarreau
9 (RLIN) 15655
100 ## - MAIN ENTRY--PERSONAL NAME
Relator term Autore musica
9 (RLIN) 15656
100 ## - MAIN ENTRY--PERSONAL NAME
Miscellaneous information Codice autore musica SPICS: 11294
9 (RLIN) 15657
245 ## - TITLE STATEMENT
Title High Crime
250 ## - EDITION STATEMENT
Edition statement 1a ed.
260 ## - PUBLICATION, DISTRIBUTION, ETC. (IMPRINT)
Place of publication, distribution, etc. ROMA
260 ## - PUBLICATION, DISTRIBUTION, ETC. (IMPRINT)
Name of publisher, distributor, etc. SPICS RECORDS
Date of publication, distribution, etc. 1985 [1a Ed.:1984 - Ed. Lingua Orig.: 1984]
300 ## - PHYSICAL DESCRIPTION
Extent MUSICASSETTA
300 ## - PHYSICAL DESCRIPTION
Dimensions 45 minuti (Testo: pag.)
500 ## - GENERAL NOTE
General note Musica pop.
505 ## - FORMATTED CONTENTS NOTE
Formatted contents note Raging Waters - Imagination - Murphy's Law - Tell Me - After All - High Crime - Let's Pretend - Sticky Wicket - Love Speaks Louder Than Words - Fallin'
650 ## - SUBJECT ADDED ENTRY--TOPICAL TERM
Topical term or geographic name as entry element POP [CASSETTE]
Relator term Codice MATERIA SPICS: 9951
9 (RLIN) 1073
942 ## - ADDED ENTRY ELEMENTS (KOHA)
Koha item type MUSICASSETTE
Source of classification or shelving scheme Dewey Decimal Classification
Dati di copia
Withdrawn status Lost status Damaged status Not for loan Home library Current library Date acquired Total Checkouts Full call number Date last seen Price effective from Koha item type Public note
    Buone Condizioni Not For Loan SPICS-MEDIATECA SPICS-MEDIATECA 25/10/2013   26109 25/10/2013 25/10/2013 MUSICASSETTE Progr. Ins.: 5975 / N.Vol.: 1 / Copie: 1 - Copia rara: NO / date import: 01.01.2014 - By Epidotti, Trombetti, Vaglietti
CREDITS: SOCIETA' SAN PAOLO Via A.Severo, 58 - ROMA (RM) & PERIODICI SAN PAOLO SRL Via Giotto, 36 MILANO & CISF Via Giotto, 36 MILANO & EDIZIONI SAN PAOLO SRL,  Piazza Soncino, 5 CINISELLO BALSAMO (MI) -- ITALY